| 000 | 00501nam a2200169 i 4500 | ||
|---|---|---|---|
| 001 | 62603 | ||
| 003 | ES-MaACL | ||
| 005 | 20240523111615.0 | ||
| 007 | t| | ||
| 008 | 031124s1969 sp ||||1| spa d | ||
| 100 | 1 |
_aFernández, Miguel, _d1931-1993 _949440 |
|
| 245 | 1 | 0 |
_aJuicio final / _cMiguel Fernández González. |
| 260 |
_aMadrid : _bBiblioteca Nueva, _c1969. |
||
| 300 |
_a92 p., 1 lám. : _bretr. aut. ; _c21 cm. |
||
| 852 |
_aES-MaACL _jC-38891 _bR.71443 |
||
| 999 |
_c62603 _d62603 |
||